Quizzes
Events
Quiz Creation
Community
Videos
Private Events
Remove Ads
Sign In
Join for FREE
Feedback
Dark Mode
Quiz Categories
Sports
Geography
Music
Movies
Television
Just For Fun
Miscellaneous
History
Literature
Language
Science
Gaming
Entertainment
Religion
Holiday
For Kids
Quiz Lab
Recent
Popular Today
Quiz Kudos Today
Editor Picks
Curator Picks
Quizzes by...
Day
Popularity
Type
Ratings
Length
Year
Community
Subscriptions
Recent Discussions
Orange Saloon
Badges
Playlists
Quests
Create
Leaderboards
Showdown
Live 5
Trivia Bingo
Activity
Puzzle Library
Sporcle Events
Private Events
Virtual Trivia
Globe League
Become a Host
Pub Owners
SporcleCon
Opinionation
Our Games
Videos
Blog
Mobile Apps
Partnerships
Remove Ads and Go Orange
Feedback
Sports
Athletes
MLB
NBA
NHL
NFL
Soccer
Sports Teams
WWE
NCAA
Football
Premier League
Basketball
Baseball
Hockey
Golf
Tennis
Cricket
Rugby
Auto Racing
Olympics
World Cup
Sports
Athletes
MLB
NBA
NHL
NFL
Soccer
Sports Teams
WWE
NCAA
Football
Premier League
Basketball
Baseball
Hockey
Golf
Tennis
Cricket
Rugby
Auto Racing
Olympics
World Cup
Random Quiz
Search Sporcle
×
Quiz Lab
Quiz Lab
Sports
Player
Type in answers that appear in a list
Type in answers that appear in a list
Classic
Best Score? Go Orange.
Afl select supreme base and die cut cards from 2006 Stats
Can you name the afl select supreme trading cards 2006
By
westcoast1987
20m
291 Questions
19 Plays
19 Plays
19 Plays
Comments
Comments
Give Quiz Kudos
Give Quiz Kudos
-
- Ratings
hide this ad
Replay
Link that replays current quiz
Next Quiz
Link to next quiz in quiz playlist
You Got
0%
They Got
Avg Score
14%
Avg Friend Score
Upgrade to see
Score Distribution
Jump to the score distribution portion of the page
Score
0/291
Timer
20:00
0
Plays Today
card
player
% Correct
base card
nathan ablett
42.1%
base card
campbell brown
42.1%
base card
leigh brown
42.1%
base card
nathan brown
42.1%
base card
luke ablett
42.1%
die cut
campbell brown
42.1%
die cut
leigh brown
42.1%
die cut
luke ablett
42.1%
base card
marc murphy
36.8%
base card
ben johnson
36.8%
base card
mark johnson
36.8%
base card
david johnson
36.8%
base card
paul johnson
36.8%
base card
robert murphy
36.8%
die cut
chirs johnson
36.8%
die cut
marc murphy
36.8%
die cut
ben johnson
36.8%
base card
dale thomas
31.6%
base card
dane swan
31.6%
base card
brett voss
31.6%
base card
ted richards
31.6%
die cut
eddie betts
31.6%
die cut
lance franklin
31.6%
base card
troy selwood
26.3%
base card
leon davis
26.3%
base card
tarkyn lockyer
26.3%
base card
joel smith
26.3%
base card
corey jones
26.3%
base card
saverio rocca
26.3%
base card
byron pickett
26.3%
base card
peter burgoyne
26.3%
base card
shaun burgoyne
26.3%
base card
adam selwood
26.3%
base card
rowan jones
26.3%
die cut
leon davis
26.3%
die cut
jarryd roughead
26.3%
die cut
corey jones
26.3%
die cut
saverio rocca
26.3%
die cut
peter burgoyne
26.3%
base card
header card
21.1%
base card
tyson edwards
21.1%
base card
graham johncock
21.1%
base card
corey mcgrath
21.1%
base card
kade simpson
21.1%
base card
simon prestigiacomo
21.1%
base card
nick maxwell
21.1%
base card
dustin fletcher
21.1%
base card
jobe watson
21.1%
base card
mark bolton
21.1%
base card
des headland
21.1%
base card
james walker
21.1%
base card
matthew carr
21.1%
base card
david wojcinski
21.1%
base card
kasey green
21.1%
base card
chris grant
21.1%
base card
craig bolton
21.1%
base card
jarred mcveigh
21.1%
base card
jude bolton
21.1%
base card
darren jolly
21.1%
die cut
tyson edwards
21.1%
die cut
kade simpson
21.1%
die cut
alan didak
21.1%
die cut
dustin fletcher
21.1%
die cut
des headland
21.1%
die cut
josh carr
21.1%
die cut
jordan lewis
21.1%
die cut
brad green
21.1%
die cut
adam yze
21.1%
die cut
jude bolton
21.1%
die cut
andrew embley
21.1%
die cut
chris grant
21.1%
base card
checklist
15.8%
base card
adelaide crows checklist
15.8%
base card
rhett biglands
15.8%
base card
martin mattner
15.8%
base card
ben hart
15.8%
base card
brent reilly
15.8%
base card
brisbane lions checklist
15.8%
base card
carlton checklist
15.8%
base card
heath scotland
15.8%
base card
collingwood checklist
15.8%
base card
shane o'bree
15.8%
base card
essendon checklist
15.8%
base card
fremnatle checklist
15.8%
base card
graham polak
15.8%
base card
shaun mcmanus
15.8%
base card
geelong checklist
15.8%
base card
corey enright
15.8%
base card
darren milburn
15.8%
base card
cameron mooney
15.8%
base card
tom harley
15.8%
base card
hawthorn checklist
15.8%
base card
kangaroos checklist
15.8%
base card
jonathon hay
15.8%
base card
brady rawlings
15.8%
base card
melbourne checklist
15.8%
base card
jeff white
15.8%
card
player
% Correct
base card
james mcdonald
15.8%
base card
port power checklist
15.8%
base card
darryl wakelin
15.8%
base card
patrick bowden
15.8%
base card
st.kilda checklist
15.8%
base card
brent staker
15.8%
base card
western bulldogs checklist
15.8%
base card
farren ray
15.8%
base card
sam power
15.8%
base card
lewis roberts-thomson
15.8%
base card
west coast checklist
15.8%
base card
darren glass
15.8%
base card
david wirrpanda
15.8%
base card
adam hunter
15.8%
base card
leigh montagna
15.8%
base card
sam fisher
15.8%
base card
sydney checklist
15.8%
base card
michael o'loughlin
15.8%
base card
brendon goddard
15.8%
die cut
rhett biglands
15.8%
die cut
brett burton
15.8%
die cut
jarrad waite
15.8%
die cut
graham polak
15.8%
die cut
jimmy bartel
15.8%
die cut
james kelly
15.8%
die cut
tom harley
15.8%
die cut
cameron mooney
15.8%
die cut
mark williams
15.8%
die cut
jeff white
15.8%
die cut
joel bowden
15.8%
die cut
patrick bowden
15.8%
die cut
fraser gehrig
15.8%
die cut
brendan goddard
15.8%
die cut
michael o'loughlin
15.8%
die cut
ryan o'keefe
15.8%
die cut
david wirrpanda
15.8%
die cut
quinten lynch
15.8%
die cut
adam hunter
15.8%
die cut
will minson
15.8%
die cut
ryan griffen
15.8%
die cut
die cut checklist
15.8%
base card
trent hentschel
10.5%
base card
nathan van berlo
10.5%
base card
robert shirley
10.5%
base card
justin sherman
10.5%
base card
daniel merrett
10.5%
base card
robert copeland
10.5%
base card
mal michael
10.5%
base card
callum chambers
10.5%
base card
trent sporn
10.5%
base card
dylan mclaren
10.5%
base card
barnaby french
10.5%
base card
jared brennan
10.5%
base card
cheynee stiller
10.5%
base card
andrew carrazzo
10.5%
base card
jason saddington
10.5%
base card
blake caracella
10.5%
base card
brodie holland
10.5%
base card
ryan lonie
10.5%
base card
andrew welsh
10.5%
base card
jason winderlich
10.5%
base card
scott camporeale
10.5%
base card
angus monfries
10.5%
base card
dean solomon
10.5%
base card
ryan crowley
10.5%
base card
shane parker
10.5%
base card
david mundy
10.5%
base card
steven dodd
10.5%
base card
antoni grover
10.5%
base card
justin longmuir
10.5%
base card
shannon byrnes
10.5%
base card
kent kingsley
10.5%
base card
kane tenace
10.5%
base card
henry playfair
10.5%
base card
brad sewell
10.5%
base card
michael osborne
10.5%
base card
brent guerra
10.5%
base card
chance bateman
10.5%
base card
robert campbell
10.5%
base card
eddie sansbury
10.5%
base card
glenn archer
10.5%
base card
daniel harris
10.5%
base card
daniel pratt
10.5%
base card
leigh harding
10.5%
base card
ryan ferguson
10.5%
base card
daniel ward
10.5%
base card
colin slyvia
10.5%
base crad
lindsay gilbee
10.5%
base card
brett ****
10.5%
base card
nathan lonie
10.5%
base card
chris hyde
10.5%
base card
david rodan
10.5%
base card
michael braun
10.5%
base card
ashley sampi
10.5%
base card
mark seaby
10.5%
base card
brett montgomery
10.5%
base card
ryan hargrave
10.5%
card
player
% Correct
base card
nathan eagleton
10.5%
base card
paul chambers
10.5%
base card
ben mathews
10.5%
base card
jamie graham
10.5%
base card
max hudghton
10.5%
base card
aaron fiora
10.5%
base card
cain ackland
10.5%
base card
matt maguire
10.5%
base card
jason blake
10.5%
die cut
jared brennan
10.5%
die cut
dylan mclaren
10.5%
die cut
jason saddington
10.5%
die cut
josh fraser
10.5%
die cut
brodie holland
10.5%
die cut
angus monfries
10.5%
die cut
david hille
10.5%
die cut
brent stanton
10.5%
die cut
andrew lovett
10.5%
die cut
jeff farmer
10.5%
die cut
aaron sandilands
10.5%
die cut
david mundy
10.5%
die cut
ken kingsley
10.5%
die cut
paul chapman
10.5%
die cut
trent croad
10.5%
die cut
glenn archer
10.5%
die cut
daniel harris
10.5%
die cut
gavin wanganeen
10.5%
die cut
dean brogan
10.5%
die cut
brett ****
10.5%
die cut
lenny hayes
10.5%
die cut
stephen milne
10.5%
die cut
cain ackland
10.5%
die cut
tadhg kennelly
10.5%
die cut
ashley sampi
10.5%
die cut
tyson stenglein
10.5%
die cut
mitch hahn
10.5%
base card
michael doughty
5.3%
base card
luke jericho
5.3%
base card
tim notting
5.3%
base card
jamie charman
5.3%
base card
justin leppitsch
5.3%
base card
ben fixter
5.3%
base card
adrian deluca
5.3%
base card
henry slattery
5.3%
base card
chris heffernan
5.3%
base card
zac dawson
5.3%
base card
danny jacobs
5.3%
base card
ben dixon
5.3%
base card
rick ladson
5.3%
base card
paul wheatley
5.3%
base card
matthew whelan
5.3%
base card
brent moloney
5.3%
base card
steven salopeak
5.3%
base card
sturat dew
5.3%
base card
adam tomson
5.3%
base card
michael pettigrew
5.3%
base card
daniel motlop
5.3%
base card
matthew bishop
5.3%
base card
richmond checkist
5.3%
base card
shane tuck
5.3%
base card
andrew raines
5.3%
base card
dean polo
5.3%
base card
andrew kellaway
5.3%
base card
adam pattison
5.3%
base card
chris newman
5.3%
base card
brent hartigan
5.3%
base card
kanye pettiffer
5.3%
base card
mark nicoski
5.3%
base card
jordan mcmanhon
5.3%
base card
wayde skipper
5.3%
base card
dale morris
5.3%
base card
nic fosdike
5.3%
base card
troy schwazre
5.3%
base card
amdrew tompson
5.3%
die cut
scott tompson
5.3%
die cut
ian perrie
5.3%
die cut
hayden skipworth
5.3%
die cut
daniel bradshaw
5.3%
die cut
justin leppitsch
5.3%
die cut
mal micheal
5.3%
die cut
jamie charman
5.3%
die cut
paul licuria
5.3%
die cut
kepler bradley
5.3%
die cut
jess sinclair
5.3%
die cut
jared rivers
5.3%
die cut
brad miller
5.3%
die cut
brock mclean
5.3%
die cut
sturat dew
5.3%
die cut
toby thurstans
5.3%
die cut
richard tambling
5.3%
die cut
shane tuck
5.3%
die cut
troy simmonds
5.3%
die cut
chris newman
5.3%
die cut
amon buchanan
5.3%
die cut
matthew robbins
5.3%
die cut
daniel giansiracusa
5.3%
die cut
justin koschitske
0%
Quiz Playlist
Details
Report
Send in Message
Add To Playlist
Classic:
Type in answers that appear in a list
Last Updated: Feb 16, 2017
Quiz Scoreboard
CHALLENGE
Sign Up to Join the Scoreboard
Show All
Scores
Hide
Comments
May contain spoilers
Recently Published
An Introduction to Baseball
by treessimontrees
Sports
5m
Movies - When Are They Set?
by FPL_Elf
Movies
5m
Popular People in 1961
by mucciniale
History
6m
More to Explore
Quiz From the Vault
Featured Blog Post
Where Did the Easter Bunny Come From?
hide this ad
You Might Also Like...
Tags
2006
AFL
base
cut
Player
supreme
Trading
Today's Top Quizzes in Sports
Browse Sports
hide this ad
Today's Top Quizzes in Player
Browse Player
Top Contributed Quizzes in Sports
1
Les meilleurs buteurs des matchs entre le PSG et l’OM
2
2022 World Cup Stars
3
FIFA Club World Cup Champions
4
Les entraîneurs de l'OM et du PSG au 21e siècle
5
Name the Premier League winners with different clubs
6
La finale Lions - Afrique du Sud 2021
7
Les joueurs passés par le LOSC et le RC Lens
8
Criteria MLB: Left Handed Sluggers
9
Players with Multiple 50 Home Run Seasons
10
5-to-1: UK Sports Teams
Explore More
Trending Topics
NBA
Crossword
Kpop
Marvel
Disney
Harry Potter
Anime
Soccer
Puzzle
Country
NFL
Pokémon
The Office
WWE
Song
hide this ad
More By:
westcoast1987
Quiz
Plays
Rating
Category
Featured
Created
afl west coast players ( 2010-2015 )
87
2.25
Sports
Jan 29, 2015
afl select supreme base and die cut cards from 2006
19
Sports
Jan 30, 2015
afl retirements 2014
15
Sports
Jan 29, 2015
Go to Creator's Profile
Score Distribution
Quiz Creator Spotlight
westcoast1987
Follow
Send a Message
Quizzes Created
-
Created Quiz Play Count
-
More By This Creator
Popular Quizzes Today
1
Find the Countries of Europe - No Outlines Minefield
2
Find the US States - No Outlines Minefield
3
The Countries of the World
4
Popular People in 1961
5
Find the US States
6
US States
7
1-10 Letter E Words III
8
Risky Map Clicking: Biggest States A-Z
More Sports Quizzes
Manchester United 2017-18 FA Cup Starting XIs
Quiz Lab
Trending Quizzes
Risky Map Clicking: Least Populous States A-Z
1-10 Letter F Words
1-10 Letter G Words
Not Quite an Element Typing Challenge
One Thing in Common: United Kingdom
Recently Updated
Leaping Animals
pecheneg
Reality TV Shows (A-Z)
bhenderson79
Rickey Henderson's Hall of Fame Teammates
pecheneg
Champions League XIs: Arsenal
pecheneg
Quick Pick: Celebrities in WWE's Hall of Fame
aduchscher
A-Z Keypad Blitz II
pecheneg
Multiple Oscar Actors
pecheneg
Mystery Phrase Blitz: Oscar 'Best Actors'
pecheneg
F. Scott Fitzgerald Novels
LTH
Pick 3 Villains
ddd62291
Trending Topics
Marvel
Crossword
Harry Potter
NBA
Kpop
Disney
Anime
Song
The Office
WWE
Puzzle
Pokémon
NFL
Soccer
Country
Your Account Isn't Verified!
In order to create a playlist on Sporcle, you need to verify the email address you used during registration. Go to your
Sporcle Settings
to finish the process.
Report this User
Report this user for behavior that violates our
Community Guidelines
.
Details:
Send Report
Go to the Sporcle.com Mobile Site →
Comments